000
00239 a2200085 4500
020
_a
9786176294320
245
_a
Московська окупація Галичини
260
_b
Видавництво "Апріорі"
_c
2018
942
_c
BK
999
_c
442488
_d
442488